Garantías constitucionales (Registro nro. 6898)

Detalles MARC
000 -LEADER
fixed length control field 00865 a2200217 4500
001 - CONTROL NUMBER
control field 60224
005 - DATE AND TIME OF LATEST TRANSACTION
control field 20260407155853.0
008 - FIXED-LENGTH DATA ELEMENTS--GENERAL INFORMATION
fixed length control field 260407a1984 arg spa d
003 - CONTROL NUMBER IDENTIFIER
control field AR-UNSa-BCEJYS
040 ## - CATALOGING SOURCE
Original cataloging agency AR-UNSa-BCEJYS
Language of cataloging spa
Transcribing agency AR-UNSa-BCEJYS
080 ## - UNIVERSAL DECIMAL CLASSIFICATION NUMBER
Universal Decimal Classification number 342.7
Common auxiliary subdivision Derechos fundamentales. Derechos humanos. Derechos y deberes de los ciudadanos (Derecho a la Salud, vivienda)
020 ## - INTERNATIONAL STANDARD BOOK NUMBER
International Standard Book Number 950-14-0223-1
041 ## - LANGUAGE CODE
Language code of text/sound track or separate title spa
100 1# - MAIN ENTRY--PERSONAL NAME
Personal name García Belsunse, Horacio A.
245 10 - TITLE STATEMENT
Title Garantías constitucionales
264 #1 - PRODUCTION, PUBLICATION, DISTRIBUTION, MANUFACTURE, AND COPYRIGHT NOTICE
Place of production, publication, distribution, manufacture Buenos Aires :
Name of producer, publisher, distributor, manufacturer Ediciones Depalma
Date of production, publication, distribution, manufacture, or copyright notice 1984
300 ## - PHYSICAL DESCRIPTION
Extent 190 p.
Dimensions 23 cm.
505 ## - FORMATTED CONTENTS NOTE
Formatted contents note 1. La protección constitucional de las libertades económicas - 2. La garantía constitucional del derecho de propiedad - 3. Retroactividad de las leyes tributarias. Casos incostitucionales
590 ## - LOCAL NOTE (RLIN)
Local note niveau_biblio:m niveau_hierar:0
942 ## - ADDED ENTRY ELEMENTS (KOHA)
Koha item type
Existencias
Withdrawn status Lost status Damaged status Not for loan Home library Current library Shelving location Date acquired Total checkouts Full call number Barcode Date last seen Price effective from Koha item type
        Biblioteca Prof. Eusebio Cleto del Rey Biblioteca Prof. Eusebio Cleto del Rey   07/04/2026   342.7 G216 L44299 07/04/2026 07/04/2026 Libro
        Biblioteca Prof. Eusebio Cleto del Rey Biblioteca Prof. Eusebio Cleto del Rey   07/04/2026   342.7 G216 L85005 07/04/2026 07/04/2026 Libro
        Biblioteca Prof. Eusebio Cleto del Rey Biblioteca Prof. Eusebio Cleto del Rey   07/04/2026   342.7 G216 L85006 07/04/2026 07/04/2026 Libro